Data Structures : A Pseudocode Approach with C 2nd Ed (Record no. 36648)
[ view plain ]
| 000 -LEADER | |
|---|---|
| fixed length control field | 00347nam a2200133Ia 4500 |
| 082 ## - DEWEY DECIMAL CLASSIFICATION NUMBER | |
| Classification number | 005.73 |
| 100 ## - MAIN ENTRY--AUTHOR NAME | |
| Personal name | Richard F Gilberg |
| 245 #0 - TITLE STATEMENT | |
| Title | Data Structures : A Pseudocode Approach with C 2nd Ed |
| 250 ## - EDITION STATEMENT | |
| Edition statement | 2 |
| 260 ## - PUBLICATION, DISTRIBUTION, ETC. (IMPRINT) | |
| Place of publication | Cengage Learning, New Delhi |
| Year of publication | 2005 |
| 650 ## - SUBJECT ADDED ENTRY--TOPICAL TERM | |
| Topical Term | COMPUTER |
| 942 ## - ADDED ENTRY ELEMENTS (KOHA) | |
| Koha item type | Text Book |
| 952 ## - LOCATION AND ITEM INFORMATION (KOHA) | |
| Damaged status | |
| Not for loan | |
| Withdrawn status | Collection code | Permanent Location | Current Location | Shelving location | Date acquired | Source of acquisition | Inventory number | Full call number | Accession Number | Copy number | Price effective from | Koha item type |
|---|---|---|---|---|---|---|---|---|---|---|---|---|
| VAST Central Library | VAST Central Library | Department Library - CSE | 22/02/2023 | Nil | Donated by CSE Department Librar | 005.73 | 36648 | 1 | 22/02/2023 | Transferred Book |